BSOP header

Can Christians be educated? / (Record no. 8678)

MARC details
000 -LEADER
fixed length control field 00605nam a2200193 4500
008 - FIXED-LENGTH DATA ELEMENTS--GENERAL INFORMATION
fixed length control field 020528s1977 enk 0 engYA
020 ## - INTERNATIONAL STANDARD BOOK NUMBER
International Standard Book Number 089135008X
090 #0 - LOCALLY ASSIGNED LC-TYPE CALL NUMBER (OCLC); LOCAL CALL NUMBER (OCLC)
Classification number (OCLC) (R) ; Classification number, CALL (RLIN) (NR) BV1471.2
Local cutter number (OCLC) ; Book number/undivided call number, CALL (RLIN) K29c
100 1# - MAIN ENTRY--PERSONAL NAME
Personal name Kelsey, Morton
245 10 - TITLE STATEMENT
Title Can Christians be educated? /
Statement of responsibility, etc Morton Kelsey
260 ## - PUBLICATION, DISTRIBUTION, ETC. (IMPRINT)
Place of publication, distribution, etc Indiana :
Name of publisher, distributor, etc Religious Education Press,
Date of publication, distribution, etc c1977.
300 ## - PHYSICAL DESCRIPTION
Extent 154 p.
504 ## - BIBLIOGRAPHY, ETC. NOTE
Bibliography, etc Biblio. : pp. 151-153
650 #4 - SUBJECT ADDED ENTRY--TOPICAL TERM
Topical term or geographic name as entry element Christian education.
650 #4 - SUBJECT ADDED ENTRY--TOPICAL TERM
Topical term or geographic name as entry element Religion
General subdivision Study and teaching.
951 ## - EQUIVALENCE OR CROSS-REFERENCE-GEOGRAPHIC NAME/AREA NAME [OBSOLETE] [CAN/MARC only]
General subdivision 00013210
700 1# - ADDED ENTRY--PERSONAL NAME
Personal name Burgess, Harold William
950 0# - LOCAL HOLDINGS (RLIN)
-- .95
951 ## - EQUIVALENCE OR CROSS-REFERENCE-GEOGRAPHIC NAME/AREA NAME [OBSOLETE] [CAN/MARC only]
-- 8581
-- BV1471.2/K29c
-- 070613111122593
-- 2000-12-21
-- GC
Holdings
Withdrawn status Lost status Damaged status Not for loan Home library Current library Shelving location Date acquired Accession number Shelving control number Total Checkouts Full call number Barcode Date last seen Price effective from Koha item type
        BSOP Library BSOP Library GC 12/21/2000 8581 127   BV1471.2/K29c 00013210 02/23/2013 02/23/2013 Books
BSOP

Biblical Seminary of the Philippines
  All rights Reserved
  © 2024

CONTACT INFORMATION

Biblical Seminary of the Philippines,
  77-B Karuhatan Road, Valenzuela City,
  PHILIPPINES 1441
  Phone: +632 8292-6795 / 8292-6798
  Fax : +632 8292-6675
  Email: library@bsop.edu.ph